DPH - neplaťte víc, než musíte

Salvato in:
Dettagli Bibliografici
Autore principale: Ondrušová, Blažena
Natura: Libro
Lingua:ceco
Pubblicazione: Praha Grada 1994
Edizione:1. vyd.
Soggetti:
Tags: Aggiungi Tag
Nessun Tag, puoi essere il primo ad aggiungerne!!

MARC

LEADER 00000nam a2200000 4500
001 c005716
005 20221205140428.2
020 |a 80-7169-122-4 
041 0 |a cze 
044 |a CZ 
245 1 0 |a DPH - neplaťte víc, než musíte  |c Blažena Ondrušová 
250 |a 1. vyd. 
264 1 |a Praha  |b Grada  |c 1994 
300 |a 104 s.  |e príl. 
610 2 0 |a dane z hodnoty pridanej 
610 2 0 |a reformy daňové 
610 2 0 |a predpisy právne 
610 2 0 |a zákony 
610 2 0 |a Česko 
610 2 0 |a 1992-1993 
610 2 0 |a sadzby daňové 
100 1 |a Ondrušová, Blažena